000 00563nam a2200217Ia 4500
003 OSt
005 20220918192551.0
006 a|||||r|||| 00| 0
007 ta
008 220917b |||||||| |||| 00| 0 eng d
024 _a69,062
037 _cTextual
040 _aARTS
_cARTS
_beng
041 _2eng
_aeng
082 _aR3:Q7, J8
100 _aFarkhry Majid
_979460
245 0 _aIslamic occassionalism and its critique by Averroes and Aquinas
260 _c1958
942 _hR3:Q7, J8
_cTEXL
_2CC
999 _c195225
_d195225